Riconosci il Pokémon - Quiz n°198 - Statistics

Statistiche generali
  • Questo quiz è stato fatto 26 volte
  • Il punteggio medio è 8 su 10
Statistiche sulle risposte
Indizio Risposta % Corretto
Tipo Normale; Buio (Alola); Acciaio (Galar)
100%
Generazione Prima
95%
Stadio evoluzione Forma Base
86%
Altezza 0,4 m; 33,0 m (Gigamax)
81%
Peso 4,2 (Normale; Alola); 7,5 kg (Galar); ???,? kg (Gigamax)
81%
Abilità Raccolta (Normale; Alola; Galar); Tecnico (Normale; Alola); Agitazione (Normale; Galar); Paura (Alola); Unghiedure (Galar)
81%
Tasso di cattura 255 (43.9%)
76%
Sesso 50% ♂, 50% ♀
71%
Tasso di allevamento Medio-Veloce
71%
Pokémon Meowth
71%
Nessun quiz corrispondente trovato
Distribuzione punteggi
Percentuale di utenti per punteggio
Percentile per numero di risposta
I tuoi punteggi nel tempo
Non hai fatto questo quiz